000 00442nam a2200169Ia 4500
003 GCL
008 140319s9999 xx 000 0 ara d
040 _aGCL /
_cGCL
082 0 4 _a811.009
_bا ح
100 1 _aبدون مؤلف
245 1 0 _aالحياة والشاعر /
_cبدون مؤلف
300 _a188
490 _aالالف كتاب
_v0
650 0 4 _aالشعر العربى
650 0 4 _aتاريخ ونقد
942 _2ddc
_cBK
999 _c42765
_d42765